महाकवि पुष्पदन्त : (Record no. 112367)
[ view plain ]
| 000 -LEADER | |
|---|---|
| fixed length control field | 01162nam a22002537a 4500 |
| 005 - DATE AND TIME OF LATEST TRANSACTION | |
| control field | 20170124102937.0 |
| 010 ## - LIBRARY OF CONGRESS CONTROL NUMBER | |
| LC control number | A-699630 |
| 020 ## - INTERNATIONAL STANDARD BOOK NUMBER | |
| Terms of availability | 200.00 |
| 035 ## - SYSTEM CONTROL NUMBER | |
| System control number | A-699630 |
| 037 ## - SOURCE OF ACQUISITION | |
| Source of stock number/acquisition | Cen Lib/Ret |
| 040 ## - CATALOGING SOURCE | |
| Original cataloging agency | DPL |
| Language of cataloging | HN |
| 082 ## - DEWEY DECIMAL CLASSIFICATION NUMBER | |
| Classification number | 821.08 |
| Item number | पाण्डेय |
| 100 ## - MAIN ENTRY--PERSONAL NAME | |
| Personal name | पाण्डेय, राजनारायण |
| 9 (RLIN) | 44529 |
| 245 ## - TITLE STATEMENT | |
| Title | महाकवि पुष्पदन्त : |
| Statement of responsibility, etc | राजनारायण पाण्डेय |
| Remainder of title | 10 वीं शदी का एक अपभ्रंश कवि / |
| 246 ## - VARYING FORM OF TITLE | |
| Title proper/short title | Mahakavi pushpdant : 10 vi shadi ka ek apbhransh kavi / |
| Remainder of title | by Rajnarayan Pandey |
| 260 ## - PUBLICATION, DISTRIBUTION, ETC. (IMPRINT) | |
| Place of publication, distribution, etc | जयपुर |
| Name of publisher, distributor, etc | चिन्मय प्रकाशन |
| Date of publication, distribution, etc | 1995 |
| 270 ## - ADDRESS | |
| Address | चौड़ा रास्ता |
| City | जयपुर |
| Postal code | 302 003 |
| 300 ## - PHYSICAL DESCRIPTION | |
| Extent | 304पृ. |
| Dimensions | 21सेमी (सजिल्द) |
| 650 ## - SUBJECT ADDED ENTRY--TOPICAL TERM | |
| Topical term or geographic name as entry element | हिन्दी -- साहित्य |
| 9 (RLIN) | 47081 |
| 650 ## - SUBJECT ADDED ENTRY--TOPICAL TERM | |
| Topical term or geographic name as entry element | हिन्दी -- कवि की रचनाएं |
| 9 (RLIN) | 44317 |
| 650 ## - SUBJECT ADDED ENTRY--TOPICAL TERM | |
| Topical term or geographic name as entry element | Hindi - literature |
| 9 (RLIN) | 47082 |
| 650 ## - SUBJECT ADDED ENTRY--TOPICAL TERM | |
| Topical term or geographic name as entry element | Hindi - Poet's compositions |
| 9 (RLIN) | 47083 |
| 942 ## - ADDED ENTRY ELEMENTS (KOHA) | |
| Source of classification or shelving scheme | Dewey Decimal Classification |
| Koha item type | Hindi Books |
| Classification part | 821.08 |
| Call number suffix | पाण्डेय |
| Withdrawn status | Lost status | Damaged status | Not for loan | Home library | Current library | Date acquired | Source of acquisition | Cost, normal purchase price | Total Checkouts | Full call number | Barcode | Date last seen | Copy number | Cost, replacement price | Price effective from | Koha item type |
|---|---|---|---|---|---|---|---|---|---|---|---|---|---|---|---|---|
| Central Library | Central Library | 07/08/2015 | Cen Lib/Ret | 200.00 | 821.08 पाण्डेय | A-699630 | 07/08/2015 | 1 | 200.00 | 07/08/2015 | Hindi Books |
